000 00799nam a2200241 i 4500
001 83394
003 ES-MaACL
005 20240527195144.0
007 t|
008 041116s1956 sp ||||1| spa d
100 1 _aIribarren, José María.
_965454
245 1 0 _aHistorias y costumbres /
_cJosé María Iribarren.
250 _a2ª ed. corr. y aum.
260 _aPamplona :
_bGómez,
_c1956.
300 _a338 p., 23 lám. ;
_c24 cm.
490 1 _aEnsayos
500 _aPrecede al tít.: Diputación Foral de Navarra. Institución "Príncipe de Viana"
710 1 _aNavarra (Comunidad Autónoma).
_bDiputación Foral.
_95984
710 2 _aInstitución Príncipe de Viana
_94730
830 0 _aEnsayos
_9176633
852 _aES-MaACL
_jC-10202
_bR.38642
999 _c83394
_d83394